00000000nam##2200000za#4500
0019.663600
003CaOODSP
00520210615121126
007ta
008150407|2002||||xxc|||||     f|0| 0 fre|d
020 |a0-662-66435-3
040 |aCaOODSP|bfre
041 |aeng
041 |afre
043 |an-cn---
0861 |aSC94-92/2002
1101 |aCanada.|bCentre canadien de gestion.
24510|aLes services internes : |bpour assurer la réalisation des grandes orientations de l'État dans le respect des valeurs du service public
260 |aOttawa - Ontario : |bCentre canadien de gestion |c2002.
300 |aviii, 44p. : |c28 cm.
504 |aBibliographie.
563 |aCouverture souple
590 |a02-31|b2002-08-02
69107|aAdministration publique|2gcpds
69107|aÉthique|2gcpds
69107|aFonction publique|2gcpds
7760#|tLes services internes : |w(CaOODSP)9.630758
7760#|tInternal services : |w(CaOODSP)9.686281
791 |tInternal services : |eeng|w(CaOODSP)9.663599